000 00493nam a2200181Ia 4500
001 23997
005 20260414151014.0
008 260414t2003||||xx |||||||||||||| ||spa||
041 _aESP
082 _a745.2
_bA31
100 _aAguayo González, Francisco
_eAUT
245 0 _aMetodología del diseño industrial :
_bun enfoque desde la ingeniería concurrente
260 _c2003
300 _axxii, 631 páginas :
_c23 cm.
650 _aABD
654 _aCAU
942 _cLIB
_dJUS
_fJUS
_2ddc
_n
999 _c23997
_d23997